Les alcools et cocktails - Statistiques

Statistiques générales
  • Ce quiz a été pris 1 732 fois
  • Le résultat moyen est 11 sur 16
Statistiques - réponses
Par images Réponse % Correct
champagne
99%
biere
98%
vodka
96%
mojito
94%
vin blanc
94%
vin rouge
93%
pastis
90%
whisky
88%
malibu
86%
rhum
82%
spritz
50%
Monaco
33%
gin tonic
29%
kir
26%
liqueur
23%
demi peche
7%
Aucun quiz correspondant
Distribution des résultats
% des personnes avec chaque résultat
Percentile par nombre de réponses
Votre historique - résultats
Vous n’avez pas pris ce quiz